00496 a2200193 4500260001000000100001700010700002600027260001000053300001400063245008000077650002200157650001600179650002700195300001000222260000900232130000700241500003600248020001800284 aParis aSADO, Gilles1 aSADO, Marie Christine bAFNOR axi-261 p. aLes plans d'expérience : de l'expérimentation à l'assurance qualité aExpérimentation aStatistique aAnalyses des données b24 cm c1991 lFr aPréface de Roger Phan-Tan-Luu a2-12-450311-1